| 000 | 00929nac a22002051u 4500 | ||
|---|---|---|---|
| 010 | _a 00302735 | ||
| 020 | _a0852364040 (v. 2) | ||
| 035 | _a(DLC)11950943 | ||
| 082 | 0 | 0 |
_a338.8878 _bF236 |
| 090 |
_c4428 _d4428 |
||
| 100 | _aFarnworth, J. | ||
| 245 | 1 | 4 |
_aThe Massey legacy : _ba product and company review of Massey, Harris, Massey-Harris, Ferguson and Massey Ferguson / _cJohn Farnworth. |
| 260 |
_aIpswich, U.K. : _bFarming Press ; _aAlexandria Bay, NY, U.S.A. : _bDistributed in North America by Diamond Farm Enterprises, _c<1998- > |
||
| 300 |
_av. <2- > : _bill. ; _c28 cm. |
||
| 504 | _aIncludes bibliographical references and indexes. | ||
| 610 | 2 | 0 |
_aMassey-Ferguson Ltd. _xHistory. |
| 650 | 0 |
_aAgricultural machinery _xHistory. |
|
| 942 |
_cBB _k338.8878F236 |
||
| 999 |
_c4428 _d4428 |
||